| 000 | 00813cam a22002057a 4500 | ||
|---|---|---|---|
| 020 | _a0971414122 | ||
| 082 | 0 | 0 |
_a628.1/44/015118 _bMET _cDon |
| 245 | 0 | 0 |
_aAdvanced water distribution modeling and management / _cauthors, Thomas M. Walski ... [et al.]. |
| 250 | _a1st ed. | ||
| 260 |
_aWaterbury, CT : _bHaestead Press, _cc2003. |
||
| 300 |
_axxii, 751 p. : _bill., maps ; _c28 cm. + _e1 CD-ROM (4 3/4 in.) |
||
| 500 | _aAt head of title: Haestad Methods. | ||
| 526 |
_a0 _b0 _c0 _d628_144015118000000_MET |
||
| 650 | 0 |
_aWater resources development _xMathematical models. _947442 |
|
| 650 | 0 |
_aWater _xDistribution _xMathematical models. _947273 |
|
| 650 | 0 |
_aWater-supply engineering _xMathematical models. _947443 |
|
| 700 | 1 |
_aWalski, Thomas M. _944139 |
|
| 710 | 2 |
_aHaestad Methods, Inc. _947444 |
|
| 942 |
_2ddc _cBK |
||
| 999 |
_c550697 _d550697 |
||